Cartoon characters in Mii style - Statistics

General Stats
  • This quiz has been taken 308 times
  • The average score is 15 of 20
Answer Stats
Picture Answer % Correct
Spongebob
99%
Dora the Explorer
97%
Mario
95%
Garfield
94%
Mickey Mouse
94%
Woody
89%
Sonic the Hedgehog
88%
Peter Griffin
87%
Homer Simpson
83%
Shrek
81%
Scooby-Doo
75%
Tigger
72%
Lilo
71%
Scar
68%
Wreck-it Ralph
64%
Captain Hook
59%
Steve
45%
Gru
42%
Gargamel
40%
Lightning Mcqueen
27%
No matching quizzes found
Score Distribution
Percent of People with Each Score
Percentile by Number Answered
Your Score History
You have not taken this quiz